Television, Audiences And Everyday Life : (Record no. 609371)

MARC details
000 -LEADER
fixed length control field 00525nam a2200193 a 4500
008 - FIXED-LENGTH DATA ELEMENTS--GENERAL INFORMATION
fixed length control field 260127s2009##################000#0#eng##
020 ## - INTERNATIONAL STANDARD BOOK NUMBER
ISBN 9780335228690
082 04 - DEWEY DECIMAL CLASSIFICATION NUMBER
Classification number 302.2345
Item number BRI
100 1# - MAIN ENTRY--AUTHOR NAME
Personal name Briggs, Matt,
245 10 - TITLE STATEMENT
Title Television, Audiences And Everyday Life :
260 ## - PUBLICATION, DISTRIBUTION, ETC. (IMPRINT)
Name of publisher McGraw-Hill Education (UK),
Year of publication 2009.
300 ## - PHYSICAL DESCRIPTION
Number of Pages 193 pages
650 #0 - SUBJECT ADDED ENTRY--TOPICAL TERM
Topical Term Social Science.
942 ## - ADDED ENTRY ELEMENTS (KOHA)
Koha item type English Books
Holdings
Withdrawn status Lost status Damaged status Not for loan Home library Current library Shelving location Date acquired Full call number Accession Number Price effective from Koha item type
        Anna Centenary Library Anna Centenary Library 3RD FLOOR, B WING 28.01.2026 302.2345 BRI 254529 28.01.2026 English Books

Find us on the map